000 00713nam a2200229 a 4500
999 _c523
_d523
001 523
003 BD-JhCC
005 20171005203250.0
008 171005s2009 bg |||| |||| 000 0 ben d
020 _a9847015601058
035 _a(BD-JhCC)523
040 _aBD-JhCC
_dBD-JhCC
041 _aben
082 _a891.443
_bHAQ 2009
100 _aহক, আনোয়ারা সৈয়দ
245 _aনখ /
_cআনোয়ারা সৈয়দ হক
260 _aঢাকা;
_bমাওলা ব্রাদার্স,
_c২০০৯
300 _a২৯৫ পৃ.;
_c২২ সে. মি.
650 _aBengali Novel
942 _2ddc
_cBK